000 00266nam a2200109Ia 4500
008 190216s9999||||xx |||||||||||||| ||und||
100 _aGuruprasad Murthy
245 0 _aManagement Accounting
260 _bHimalaya Publishing House
_c1982
300 _a612p
942 _cBK
999 _c4857
_d4857